| 000 | 01447cam a22003134a 4500 | ||
|---|---|---|---|
| 001 | 13248505 | ||
| 005 | 20080922080608.0 | ||
| 008 | 030623s2004 enka |rb 001 0 eng | ||
| 010 | _a2003055352 | ||
| 020 | _a9780521541053 (pbk.) | ||
| 040 |
_aDLC _cDLC _dDLC |
||
| 042 | _apcc | ||
| 050 | 0 | 0 |
_aTA1675 _b.S52 2004 |
| 082 | 0 | 0 |
_a621.366 _222 _bSIL |
| 100 | 1 |
_aSilfvast, William Thomas, _d1937- _911381 |
|
| 245 | 1 | 0 |
_aLaser Fundamentals / _cWilliam T. Silfvast |
| 250 | _a2nd ed. | ||
| 260 |
_aCambridge ; _aNew York : _bCambridge University Press, 2004 _c2004. |
||
| 300 |
_a 642 p. : _bill. ; _c26 cm. |
||
| 504 | _aIncludes bibliographical references and index. | ||
| 650 | 0 |
_aLasers. _911382 |
|
| 856 | 4 | 1 |
_3Sample text _uhttp://www.loc.gov/catdir/samples/cam041/2003055352.html |
| 856 | 4 | 2 |
_3Publisher description _uhttp://www.loc.gov/catdir/description/cam041/2003055352.html |
| 856 | 4 | 1 |
_3Table of contents _uhttp://www.loc.gov/catdir/toc/cam041/2003055352.html |
| 856 | 4 | 2 |
_3Contributor biographical information _uhttp://www.loc.gov/catdir/enhancements/fy0732/2003055352-b.html |
| 942 |
_2ddc _cBB |
||
| 999 |
_c13389 _d13389 |
||